Click the Lady Gaga Song Title Ending - Statistics

General Stats
  • This quiz has been taken 197 times
  • The average score is 18 of 20
Answer Stats
Hint Answer % Correct
Poker Face
100%
Hold My Hand
99%
Bad Romance
99%
Just Dance
98%
Die with a Smile
98%
Born This Way
98%
I'll Never Love Again
97%
Rain on Me
97%
Garden of Eden
95%
John Wayne
95%
Bloody Mary
94%
Million Reasons
94%
The Edge of Glory
91%
Shadow of a Man
81%
Blade of Grass
80%
Beautiful, Dirty, Rich
76%
Goverment Hooker
75%
Heavy Metal Lover
73%
Perfect Illusion
71%
Marry The Night
71%
No matching quizzes found
Score Distribution
Percent of People with Each Score
Percentile by Number Answered
Your Score History
You have not taken this quiz